00358nam a2200121Ia 4500008004100000040001700041041001200058082001600070100004300086245003700129260006000166300001000226230917s9999||||xx |||||||||||||| ||und|| e187487aMAIN aEnglish a005.432 I2W aIndira Gandhi National Open University 0aWindows programming (CS-65). 2V. aNew DelhibIndira Gandhi National Open Universityc2010 av. p.